Zákon č. .../2000 z 1. decembra 2000, ktorým sa mení a dopĺňa zákon Národnej rady ...
Znenie zákona č. .../2000 Z.z. z 1. decembra 2000, ktorým sa mení a dopĺňa zákon Národnej rady SR č. 274/1994 Z.z. o Sociálnej poisťovni v znení neskorších predpisov. Zákon nadobúda účinnosť 1. januára 2001.
Enregistré dans:
| Format: | Chapitre de livre |
|---|---|
| Langue: | slovaque |
| Sujets: | |
| Tags: |
Pas de tags, Soyez le premier à ajouter un tag!
|
MARC
| LEADER | 00000naa a2200000 4500 | ||
|---|---|---|---|
| 001 | r040346 | ||
| 005 | 20230926084238.6 | ||
| 041 | 0 | |a slo | |
| 044 | |a SK | ||
| 245 | 1 | 0 | |a Zákon č. .../2000 z 1. decembra 2000, ktorým sa mení a dopĺňa zákon Národnej rady ... |
| 520 | |a Znenie zákona č. .../2000 Z.z. z 1. decembra 2000, ktorým sa mení a dopĺňa zákon Národnej rady SR č. 274/1994 Z.z. o Sociálnej poisťovni v znení neskorších predpisov. Zákon nadobúda účinnosť 1. januára 2001. | ||
| 610 | 2 | 0 | |a Sociálna poisťovňa, a.s. Bratislava |
| 610 | 2 | 0 | |a poistné |
| 610 | 2 | 0 | |a zákony |
| 610 | 2 | 0 | |a 1994-2000 |
| 610 | 2 | 0 | |a novelizácia |
| 610 | 2 | 0 | |a Slovensko |